Tři úkoly pro Klytoru /

Main Author: Černý, Dan, 1982-
Language: Czech
Published: Praha : Novela bohemica, 2013
Edition: Vyd. 1.
Physical Description: 103 s. : vše il. ; 20 cm
Book
Saved in:
LEADER 01084nam a2200325 a 4500
001 nkc20132463333
003 CZ PrNK
005 20130712164915.0
007 ta
008 130513s2013 xr a g 000 1 cze
015 |a cnb002463333 
020 |a 978-80-87683-05-7  |q (brož.) :  |c Kč 199,00 
035 |a (OCoLC)855464523 
040 |a BOA001  |b cze  |d OLA001  |d ABA001 
072 7 |a 821-1/-8  |x Literatura různých forem a žánrů  |2 Konspekt  |9 25 
080 |a 821-312.5  |2 MRF 
080 |a (084.1)  |2 MRF 
100 1 |a Černý, Dan,  |d 1982-  |7 mzk2005286518  |4 aut  |4 ill 
245 1 0 |a Tři úkoly pro Klytoru /  |c Dan Černý 
246 1 |i Název na obálce, hřbetu a v tiráži:  |a Fanouš - Tři úkoly pro Klytoru 
250 |a Vyd. 1. 
260 |a Praha :  |b Novela bohemica,  |c 2013 
300 |a 103 s. :  |b vše il. ;  |c 20 cm 
655 7 |a komiksy  |7 fd131978  |2 czenas 
655 9 |a comics  |2 eczenas 
910 2 |a BOA001  |b 1-1305.857 
990 |a BK 
995 |a 01 
991 |b 201306  |e b 
996 6 |b 2610553319  |c 1-1305.857  |l MZK  |r Sklad / do 1 hodiny  |n 0  |p p.v.  |w 001337171  |u 000010  |a 1  |e BOA001  |j MZK50  |s P